| 000 | 00000nas 2200000zi 4500 |
| 001 | 9.911741 |
| 003 | CaOODSP |
| 005 | 20250707104251 |
| 006 | m o d f |
| 007 | cr ||||||||||| |
| 008 | 220531c19959999oncux p o f0###a0eng|d |
| 022 | |a1491-591X |
| 040 | |aCaOODSP|beng|erda|cCaOODSP |
| 043 | |an-cn--- |
| 086 | 1 |aBT12-10E-PDF |
| 110 | 1 |aCanada. |bTreasury Board, |eauthor, |eissuing body. |
| 210 | 0 |aContract. policy not. |
| 222 | 0|aContracting policy notice |
| 240 | 10|aContracitng policy notice (Online) |
| 245 | 10|aContracting policy notice. |
| 246 | 3 |iSome issues have title : |aContracting policy notices |
| 246 | 3 |iSome issues have title : |aTB circular |
| 264 | 1|a[Ottawa] : |bTreasury Board of Canada, Secretariat, |c1995- |
| 310 | |aIrregular |
| 336 | |atext|btxt|2rdacontent |
| 337 | |acomputer|bc|2rdamedia |
| 338 | |aonline resource|bcr|2rdacarrier |
| 362 | 1 |aBegan with 1995-3? |
| 500 | |aIssued also in French under title: Avis sur la politique des marchés. |
| 500 | |aEach issue also has a distinctive title. |
| 588 | |aDescription based on: 1996-6 (September 19, 1996). |
| 588 | |aLatest issue consulted: 2022-01 (April 25, 2022). |
| 650 | 0|aPublic contracts|xGovernment policy|zCanada. |
| 650 | 0|aGovernment purchasing|xGovernment policy|zCanada. |
| 775 | 08|tAvis sur la politique des marchés.|w(CaOODSP)9.911742 |